More marketing management cases in Malaysia
| Main Author: | |
|---|---|
| Format: | Book |
| Published: |
Kuala Lumpur :
Utusan Pub. & Dist. ,
1999
|
| Subjects: |
MARC
| LEADER | 00000cam a2200000 7i4500 | ||
|---|---|---|---|
| 001 | 0000001134 | ||
| 005 | 20140108.0 | ||
| 020 | 0 | 0 | |a 9676109754 |
| 090 | 0 | 0 | |a 658.8009595 |b SIE 1999 |
| 100 | 1 | 0 | |a SIEH |h Lee Mei Ling |
| 245 | 1 | 0 | |a More marketing management cases in Malaysia |c Sieh Lee Mei Ling |
| 260 | 0 | 0 | |a Kuala Lumpur : |b Utusan Pub. & Dist. , |c 1999 |
| 300 | |a 199 p. ; |c 23 cm. | ||
| 650 | 0 | 0 | |a Marketing |z Malaysia |x Management |x Case studies |
| 998 | |a JPSM | ||
| 999 | |a 0000002112 |b Monograph |c Open Shelf |e Default branch | ||